effect of lysine supplementation to concentrated feed on growth performance of fattening pigs ឥទ្ធិពលនៃការបន្ថែម LYSINE ទៅក្នុងចំណីសម្រេចលើការលូតលាស់របស់ជ្រូកសាច់ពីទម្ងន់២៥-៦០គីឡូក្រោម (Record no. 18266)

000 -LEADER
fixed length control field 00656nam a22001337a 4500
040 ## - CATALOGING SOURCE
Transcribing agency RUA
082 ## - DEWEY DECIMAL CLASSIFICATION NUMBER
Classification number ANS DAN 2018 B648 Or.1
100 ## - MAIN ENTRY--AUTHOR NAME
Personal name DAN CHANTHEA ដន ចាន់ធា
245 ## - TITLE STATEMENT
Title effect of lysine supplementation to concentrated feed on growth performance of fattening pigs ឥទ្ធិពលនៃការបន្ថែម LYSINE ទៅក្នុងចំណីសម្រេចលើការលូតលាស់របស់ជ្រូកសាច់ពីទម្ងន់២៥-៦០គីឡូក្រោម
260 ## - PUBLICATION, DISTRIBUTION, ETC. (IMPRINT)
Place of publication RUA
Name of publisher phnom penh
Year of publication 2018
300 ## - PHYSICAL DESCRIPTION
Number of Pages viii;35p
Other physical details ill;
Dimensions 29cm
856 ## - ELECTRONIC LOCATION AND ACCESS
Uniform Resource Identifier DAN CHANTHEA
942 ## - ADDED ENTRY ELEMENTS (KOHA)
Koha item type ANS
952 ## - LOCATION AND ITEM INFORMATION (KOHA)
Withdrawn status [LOCAL, KOHA] 0
952 ## - LOCATION AND ITEM INFORMATION (KOHA)
Withdrawn status [LOCAL, KOHA] 0
952 ## - LOCATION AND ITEM INFORMATION (KOHA)
Withdrawn status [LOCAL, KOHA] 0
952 ## - LOCATION AND ITEM INFORMATION (KOHA)
Withdrawn status [LOCAL, KOHA] 0
952 ## - LOCATION AND ITEM INFORMATION (KOHA)
Withdrawn status [LOCAL, KOHA] 0
952 ## - LOCATION AND ITEM INFORMATION (KOHA)
Withdrawn status [LOCAL, KOHA] 0
Holdings
Permanent Location Date acquired Koha item type Lost status Shelving location Barcode Current Location Full call number
Library Block B2019-10-03ANS B648A43640Library Block BANS DAN 2018 B648 Or.2
Library Block B2019-10-03ANS B648A42766Library Block BANS DAN 2018 B648 Or.3
Library Block B2019-10-03ANS B648A44089Library Block BANS DAN 2018 B648 Or.4
Library Block B2019-10-03ANS B648A44014Library Block BANS DAN 2018 B648 Or.5
Library Block B2019-10-03ANS B648A42664Library Block BANS DAN 2018 B648 Or.6
Library Block B2019-10-03ANS B648A43650Library Block BANS DAN 2018 B648 Or.7
មជ្ឈមណ្ឌលឯការនៃសាកលវិទ្យាល័យភូមិន្ទកសិកម្មចំការដូង

Powered by Koha